Personalities / Leadership : Leadership breakthrough : 15 March 2016

Bibliographic Details
Corporate Authors: Personalities / Leadership : Leadership breakthrough, INSPEN ( Institut Penilaian Negara )
Format: Book
Language:English
Subjects:

MARC

LEADER 00000cam a2200000 7i4500
001 0000027380
005 20170329.0
008 170224 my a eng
040 |a INS   |b eng   |c INS   |e rda 
090 0 0 |a CPD135 
110 1 |a Personalities / Leadership : Leadership breakthrough ,   |d 2016 15 March   |c INSPEN, Bangi 
245 0 0 |a Personalities / Leadership : Leadership breakthrough :   |b 15 March 2016   |c Organised by Professional and Executive Development Centre, INSPEN 
264 0 |a Bangi :   |b Institut Penilaian Negara   |c 2016 
300 |a 1 volume( Various pagings ) :   |b illustrations ;   |c 30 cm. 
336 |a text  |2 rdacontent 
337 |a unmediated  |2 rdamedia 
338 |a volume  |2 rdacarrier 
650 0 |a Leadership 
710 1 |a INSPEN ( Institut Penilaian Negara ) 
999 |a CPD0000322   |b BOOK   |c Course Notes   |e Default branch 
999 |a CPD0000323   |b BOOK   |c Course Notes   |e Default branch 
999 |a CPD0000344   |b BOOK   |c Course Notes   |e Default branch